UM Logo

An improved control scheme for reducing circulating current nd reverse power of bidirectional phase-shifted full-bridge converter / (Record no. 19971)

MARC details
000 -LEADER
fixed length control field 01119nam a22002537a 4500
003 - CONTROL NUMBER IDENTIFIER
control field OSt
005 - DATE AND TIME OF LATEST TRANSACTION
control field 20251001181558.0
008 - FIXED-LENGTH DATA ELEMENTS--GENERAL INFORMATION
fixed length control field 240403b ||||| |||| 00| 0 eng d
040 ## - CATALOGING SOURCE
Transcribing agency 0
082 ## - DEWEY DECIMAL CLASSIFICATION NUMBER
Classification number DPer 621.381 Ie21 October 2022 v. 37 n. 10
100 ## - MAIN ENTRY--PERSONAL NAME
Personal name Yang, Yuzhi.
Relator term author.
9 (RLIN) 55853
245 ## - TITLE STATEMENT
Title An improved control scheme for reducing circulating current nd reverse power of bidirectional phase-shifted full-bridge converter /
Statement of responsibility, etc. Yuzhi Yang, Houji Li, Chao Wu, Junzhong Xu, Yuxuan Bi, Tong Zhao, and Yong Wang.
260 ## - PUBLICATION, DISTRIBUTION, ETC. (IMPRINT)
Place of publication, distribution, etc. New York ;
Name of publisher, distributor, etc. The Institute of Electrical and Electronics Engineers, Inc. ,
Date of publication, distribution, etc. October 2022.
300 ## - PHYSICAL DESCRIPTION
Extent Volume 37, pages 11620-11635 :
Other physical details illustration ;
Dimensions 28 cm.
500 ## - GENERAL NOTE
General note IEEE Transactions on Power Electronics, v. 37, n. 10, pages 11620-11635, October 2022.
700 ## - ADDED ENTRY--PERSONAL NAME
Personal name Yang, Yuzhi.
Relator term author.
9 (RLIN) 55853
700 ## - ADDED ENTRY--PERSONAL NAME
Personal name Li, Houji.
Relator term author.
9 (RLIN) 55854
700 ## - ADDED ENTRY--PERSONAL NAME
Personal name Wu, Chao.
Relator term author.
9 (RLIN) 55855
700 ## - ADDED ENTRY--PERSONAL NAME
Personal name Xu, Junzhong.
Relator term author.
9 (RLIN) 55856
700 ## - ADDED ENTRY--PERSONAL NAME
Personal name Bi, Yuxuan.
Relator term author.
9 (RLIN) 55857
700 ## - ADDED ENTRY--PERSONAL NAME
Personal name Zhao, Tong.
Relator term author.
9 (RLIN) 55858
700 ## - ADDED ENTRY--PERSONAL NAME
Personal name Wang, Yong.
Relator term author.
9 (RLIN) 55859
942 ## - ADDED ENTRY ELEMENTS (KOHA)
Source of classification or shelving scheme Dewey Decimal Classification
Koha item type Periodicals
Holdings
Withdrawn status Lost status Source of classification or shelving scheme Damaged status Not for loan Collection code Home library Current library Date acquired Total Checkouts Full call number Date last seen Price effective from Koha item type Public note
    Dewey Decimal Classification     Periodicals UM Digos College - LIC UM Digos College - LIC 04/03/2024   DPer 621.317 Ie21 October 2022 v. 37 n. 10 04/03/2024 04/03/2024 Periodicals Periodical Article